| 000 | 00806nam a22002297 4500 | ||
|---|---|---|---|
| 001 | 000008257 | ||
| 005 | 20200929161323.0 | ||
| 008 | 910612s1913 sp 001 0 spa d | ||
| 040 |
_aDO-SdBNP _cDLC _dDLC _dBNPHU |
||
| 041 | 1 | 7 |
_aspa _hpor _2Código de idioma MARC |
| 082 |
_a869.141 _bC185L |
||
| 100 | 1 |
_aCamoens, Luis de, _922383 |
|
| 245 | 1 | 4 |
_aLos Lusíadas : _bpoema epico en diez cantos / _cLuis de Camoens ; Traducido en verso castellano del portugués por Luis Gómez de Tapia. |
| 260 |
_aBarcelona : _bMontaner y Simón, _c1913. |
||
| 300 |
_a304, [1] p. : _bill. ; _c24 cm. |
||
| 500 | _aEdición ilustrada | ||
| 650 | 4 |
_aPoesía portuguesa _915081 |
|
| 650 | 4 |
_aLiteratura portuguesa _912952 |
|
| 700 | 1 |
_aGómez de Tapia, Luis, _etr. _922384 |
|
| 910 | _aCatalogación derivada | ||
| 049 | _aBNGR | ||
| 999 |
_c8028 _d8028 |
||